Normal view
MARC view
Entry Personal Name
001 - CONTROL NUMBER
- control field: 13162
003 - CONTROL NUMBER IDENTIFIER
- control field: ARRUPE
005 - DATE AND TIME OF LATEST TRANSACTION
- control field: 20141210111850.0
008 - FIXED-LENGTH DATA ELEMENTS
- fixed length control field: 141210|| aca||aabn | a|a d
040 ## - CATALOGING SOURCE
- Original cataloging agency: ARRUPE
- Transcribing agency: ARRUPE
100 ## - HEADING--PERSONAL NAME
- Personal name: Rogers, Douglas,
- Dates associated with a name: 1968-
- General subdivision: Family.
670 ## - SOURCE DATA FOUND
- Source citation: Work cat.: (ARRUPE)0: Rogers, Douglas, 1968- 13161, The last resort :, c2009.